000 00468nam a2200181Ia 4500
001 9605
005 20260306161730.0
008 260306t2000||||xx |||||||||||||| ||spa||
041 _aESP
082 _a382.6
_bP45
100 _aPérez Espinoza, Arbués
_eAUT
245 0 _aManual de promoción de exportaciones:
_bteoría, política y gestión
260 _c2000
300 _a506 páginas :
_c24 cm.
650 _aGEN
654 _aCAN
942 _cLIB
_dJUS
_fJUS
_2ddc
_n
999 _c9605
_d9605